[Event "SG Porz 2 - Bochumer SV 1"]
[Site "Oberliga NRW 2017/2018"]
[Date "2018.04.29"]
[Round "9.6"]
[White "Paulus, Jeffrey"]
[Black "Jellinghaus, Lars"]
[Result "1-0"]
[WhiteElo "1994"]
[BlackElo "2111"]
[Annotator "Daniel"]
[PlyCount "65"]
[EventDate "2018.??.??"]
[WhiteTeam "SG Porz 2"]
[BlackTeam "Bochumer SV 1"]

1. d4 e6 2. Bf4 d5 3. e3 Bd6 4. Bxd6 Qxd6 5. Nd2 Nf6 6. Ngf3 Nbd7 7. c4 b6 8.
cxd5 exd5 9. Rc1 O-O 10. Bb5 c5 11. O-O a6 12. Bxd7 Bxd7 13. dxc5 bxc5 14. Nc4
Qb8 15. Nce5 Bb5 16. Re1 Rc8 17. Qc2 a5 18. Qf5 $11 Qb6 19. g4 Qe6 20. Qf4 Ne4
21. g5 Rab8 22. h4 Ba6 23. Rc2 Rb4 24. a3 Rb6 25. Rd1 Bb5 26. Nd4 cxd4 27.
Rxc8+ Qxc8 28. Qxf7+ Kh8 29. Qxd5 Nd6 30. Rxd4 Be8 31. Rf4 Bg6 32. Qc5 Qxc5 33.
Rf8# 1-0

[Event "SG Porz 2 - Bochumer SV 1"]
[Site "Oberliga NRW 2017/2018"]
[Date "2018.04.29"]
[Round "9.7"]
[White "Pewny, Uwe"]
[Black "Wegener, Marcus"]
[Result "1/2-1/2"]
[WhiteElo "2181"]
[BlackElo "1984"]
[PlyCount "121"]
[EventDate "2018.??.??"]
[WhiteTeam "Bochumer SV 1"]
[BlackTeam "SG Porz 2"]

1. e4 c5 2. Nc3 a6 3. g3 b5 4. Bg2 Nc6 5. Nge2 e6 6. d4 cxd4 7. Nxd4 Qb6 8.
Nxc6 dxc6 9. e5 Bb7 10. O-O Ne7 11. Be3 Qc7 12. f4 Nf5 13. Bf2 Be7 14. Ne4 Rd8
15. Qe1 c5 16. c3 O-O 17. g4 Nh6 18. h3 Rd7 19. Bh4 Bxh4 20. Qxh4 Bxe4 21. Bxe4
Rfd8 22. Rf2 c4 23. Qg3 Rd1+ 24. Rxd1 Rxd1+ 25. Kh2 Qd7 26. Qe3 Qd8 27. Re2 g6
28. Rg2 Qh4 29. Qg3 Qxg3+ 30. Kxg3 Rd7 31. Kf3 Kf8 32. Ke3 Ke7 33. a4 Ng8 34.
Rg1 f5 35. gxf5 exf5 36. Bxf5 gxf5 37. Rxg8 Rd3+ 38. Ke2 Rxh3 39. Ra8 Rh2+ 40.
Ke3 Rxb2 41. Rxa6 b4 42. Rc6 bxc3 43. Rxc4 c2 44. Kd2 Ra2 45. Rxc2 Rxa4 46. Ke3
Ra3+ 47. Kd4 Rf3 48. Rc7+ Ke6 49. Rc6+ Ke7 50. Rh6 Rxf4+ 51. Kd5 Kf7 52. Rxh7+
Kg6 53. Rh1 Re4 54. Ke6 Ra4 55. Rg1+ Rg4 56. Rd1 f4 57. Rd8 Kg5 58. Rf8 Kh4 59.
Rf5 Kg3 60. Kf7 f3 61. e6 1/2-1/2

[Event "SG Porz 2 - Bochumer SV 1"]
[Site "Oberliga NRW 2017/2018"]
[Date "2018.04.29"]
[Round "9.8"]
[White "Thiemonds, Uli"]
[Black "Goralski, Christian"]
[Result "1/2-1/2"]
[WhiteElo "2046"]
[BlackElo "1979"]
[Annotator "Daniel"]
[PlyCount "139"]
[EventDate "2018.??.??"]
[WhiteTeam "SG Porz 2"]
[BlackTeam "Bochumer SV 1"]

1. e4 d5 2. exd5 Nf6 3. d4 Bg4 4. Be2 Bxe2 5. Qxe2 Qxd5 6. Nf3 e6 7. O-O Bd6 8.
c4 Qh5 9. Nc3 Nc6 10. Rd1 O-O-O 11. c5 Be7 12. a3 Rhg8 13. Be3 g5 14. b4 g4 15.
Ne1 Nd5 16. Nxd5 Rxd5 17. b5 Nd8 18. Nd3 g3 19. Qxh5 gxf2+ 20. Bxf2 Rxh5 21.
Rf1 Rg4 22. Be3 Bg5 23. Nf4 Rh6 24. Rf3 Rf6 25. Raf1 Rf5 26. g3 Bh6 27. Kg2 Rg8
28. h4 b6 29. Rc1 Bf8 30. Kh3 h5 31. cxb6 axb6 32. a4 Bd6 33. Rcf1 Kd7 34. Ne2
Rxf3 35. Rxf3 f5 36. Nf4 Bxf4 37. Bxf4 Nf7 38. Rc3 Nd6 39. Kg2 Ra8 40. Bxd6
Kxd6 41. Rc6+ $11 Kd5 42. Rxc7 Kxd4 43. Rc6 e5 44. Rxb6 Rxa4 45. Rf6 Ke4 46. b6
Rb4 47. Kf2 Rb2+ 48. Kf1 f4 49. gxf4 exf4 50. Kg1 Kf3 51. Rg6 Rb1+ 52. Kh2 Ke3
53. Rc6 Rb2+ 54. Kh3 f3 55. Kg3 Rg2+ 56. Kh3 Rb2 57. Kg3 f2 58. Kg2 Ke2 59.
Re6+ Kd1 60. Kf1 Rb4 61. Kxf2 Rxh4 62. Ke3 Rb4 63. Kd3 h4 64. Rg6 Ke1 65. Kc3
Rb5 66. Kc4 Rb2 67. Kc5 h3 68. Rh6 h2 69. b7 Rxb7 70. Rxh2 1/2-1/2

[Event "Südlohner SV 1 - LSV Turm Lippstadt 1"]
[Site "NRW-Klasse. Gruppe 2 2017/201"]
[Date "2017.09.17"]
[Round "1.1"]
[White "Wehmeier, Stefan"]
[Black "Kolakovic, Klaudio"]
[Result "1-0"]
[WhiteElo "2345"]
[BlackElo "1972"]
[PlyCount "61"]
[EventDate "2017.??.??"]
[WhiteTeam "LSV Turm Lippstadt 1"]
[BlackTeam "Südlohner SV 1"]

1. e4 g6 2. d4 c6 3. Bd3 Bg7 4. Nf3 d5 5. e5 Bg4 6. Nbd2 c5 7. dxc5 Bxe5 8. h3
Bxf3 9. Nxf3 Bg7 10. O-O Nc6 11. c4 d4 12. b4 Nxb4 13. Qa4+ Nc6 14. Rb1 Qd7 15.
Be4 Rc8 16. Bxc6 bxc6 17. Qa6 Ra8 18. Bf4 Nh6 19. Rb7 Qc8 20. Bxh6 Bxh6 21.
Nxd4 O-O 22. Qxc6 Qd8 23. Qd5 Qa5 24. Nc6 Qxa2 25. Nxe7+ Kh8 26. c6 Rad8 27.
Rd7 Rde8 28. c7 Qe2 29. c8=Q Rxc8 30. Nxc8 Rxc8 31. Qxf7 1-0

[Event "Südlohner SV 1 - LSV Turm Lippstadt 1"]
[Site "NRW-Klasse. Gruppe 2 2017/201"]
[Date "2017.09.17"]
[Round "1.2"]
[White "Doennebrink, Elmar"]
[Black "Wagner, Alexej"]
[Result "0-1"]
[WhiteElo "2060"]
[BlackElo "2199"]
[PlyCount "70"]
[EventDate "2017.??.??"]
[WhiteTeam "Südlohner SV 1"]
[BlackTeam "LSV Turm Lippstadt 1"]

1. e4 c5 2. Nf3 d6 3. d4 cxd4 4. Qxd4 Nc6 5. Bb5 Bd7 6. Bxc6 Bxc6 7. Nc3 Nf6 8.
Bg5 e6 9. O-O-O Be7 10. Rhe1 O-O 11. Kb1 Qc7 12. Qd2 Rfd8 13. Nd4 Rab8 14. f3
b5 15. g4 b4 16. Nce2 a5 17. Ng3 Ba8 18. Nh5 Ne8 19. Rg1 Bxg5 20. Qxg5 a4 21.
Rg3 Rdc8 22. Qd2 a3 23. Rh3 Qc5 24. Nxg7 Nxg7 25. Qh6 Qe5 26. Qxh7+ Kf8 27. f4
Qxe4 28. Qh8+ Ke7 29. Qxg7 Rg8 30. Qh6 Rxg4 31. f5 Rbg8 32. Rhd3 Rg1 33. fxe6
fxe6 34. Qd2 R8g2 35. Qxb4 Qxd3 0-1

[Event "Südlohner SV 1 - LSV Turm Lippstadt 1"]
[Site "NRW-Klasse. Gruppe 2 2017/201"]
[Date "2017.09.17"]
[Round "1.4"]
[White "Funke, Reinhard"]
[Black "Kruse, Janik"]
[Result "0-1"]
[WhiteElo "2027"]
[BlackElo "2081"]
[PlyCount "98"]
[EventDate "2017.??.??"]
[WhiteTeam "Südlohner SV 1"]
[BlackTeam "LSV Turm Lippstadt 1"]

1. d4 d5 2. Nf3 c6 3. g3 Nf6 4. Bg2 Bg4 5. O-O e6 6. Ne5 Bh5 7. c4 Nbd7 8. Nc3
Be7 9. Qb3 Qb6 10. Nxd7 Nxd7 11. Qxb6 axb6 12. cxd5 exd5 13. Bd2 O-O 14. a4 f5
15. Rfc1 Nf6 16. f3 Rfe8 17. e3 Bb4 18. Kf2 Ra5 19. b3 Rea8 20. Ra2 R5a7 21.
Rca1 Bd6 22. Bf1 Kf7 23. Bd3 Bg6 24. Bb1 h6 25. Ne2 Bh7 26. b4 g5 27. a5 b5 28.
Nc1 g4 29. f4 Ne4+ 30. Bxe4 dxe4 31. Nb3 Ke7 32. Nc5 Bg8 33. Ra3 Bd5 34. Bc1 h5
35. Bd2 b6 36. Nb3 Bc7 37. Nc1 bxa5 38. Ne2 a4 39. Ng1 h4 40. gxh4 Rh8 41. Kg3
Ke6 42. h3 Bd8 43. hxg4 Bxh4+ 44. Kg2 fxg4 45. Ne2 Rah7 46. Rh1 Bc4 47. Nc3 Be7
48. Rxh7 Rxh7 49. Ra1 Kf5 0-1

[Event "Südlohner SV 1 - LSV Turm Lippstadt 1"]
[Site "NRW-Klasse. Gruppe 2 2017/201"]
[Date "2017.09.17"]
[Round "1.5"]
[White "Grobbel, Rainer"]
[Black "Teloeken, Daniel"]
[Result "1-0"]
[WhiteElo "2116"]
[BlackElo "1979"]
[PlyCount "73"]
[EventDate "2017.??.??"]
[WhiteTeam "LSV Turm Lippstadt 1"]
[BlackTeam "Südlohner SV 1"]

1. d4 Nf6 2. c4 g6 3. Nc3 d5 4. Bg5 Ne4 5. Nxe4 dxe4 6. Qd2 Bg7 7. e3 O-O 8.
Ne2 c5 9. d5 h6 10. Bh4 g5 11. Bg3 Na6 12. Nc3 f5 13. f3 exf3 14. gxf3 e5 15.
e4 h5 16. Bf2 f4 17. O-O-O g4 18. Be2 Qf6 19. Rdg1 gxf3 20. Bxf3 h4 21. h3 b6
22. Bh5 Qh6 23. Bg4 Kh8 24. Kb1 Bf6 25. Nb5 Bg5 26. Bxc8 Raxc8 27. Rg4 Nc7 28.
Nxa7 Ra8 29. Nc6 Rae8 30. Qe1 Rg8 31. Bxh4 f3 32. Bxg5 Rxg5 33. Qe3 Rh5 34.
Qxf3 Rf8 35. Qg3 Rf4 36. Rg1 Rxg4 37. Qxg4 1-0

[Event "Südlohner SV 1 - LSV Turm Lippstadt 1"]
[Site "NRW-Klasse. Gruppe 2 2017/201"]
[Date "2017.09.17"]
[Round "1.6"]
[White "Darwisch, Khaled"]
[Black "Kuckling, Hannah"]
[Result "1-0"]
[WhiteElo "2078"]
[BlackElo "2066"]
[PlyCount "85"]
[EventDate "2017.??.??"]
[WhiteTeam "Südlohner SV 1"]
[BlackTeam "LSV Turm Lippstadt 1"]

1. e4 c5 2. d3 e6 3. g3 d5 4. Nd2 Nc6 5. Bg2 g6 6. Ngf3 Bg7 7. O-O Nge7 8. c3
O-O 9. Re1 b5 10. Qc2 Bb7 11. Nb3 Qb6 12. Bg5 c4 13. dxc4 bxc4 14. Nbd2 Ba6 15.
e5 Rab8 16. Rab1 Qc7 17. Bf6 Bxf6 18. exf6 Nc8 19. g4 Qf4 20. g5 e5 21. Nf1 e4
22. Qd2 Qxd2 23. N3xd2 Ne5 24. Ne3 Nd3 25. Red1 Rd8 26. b3 d4 27. cxd4 c3 28.
Nxe4 Rxd4 29. Nxc3 Nb6 30. Ncd5 Nxd5 31. Nxd5 Rg4 32. f4 Nxf4 33. Nxf4 Rxf4 34.
Rd6 Bb5 35. a4 Be8 36. Rbd1 Rf5 37. Rd8 Rxd8 38. Rxd8 Kf8 39. h4 Rc5 40. Bf1 a5
41. Bb5 Re5 42. Kf2 Re6 43. Kf3 1-0

[Event "Südlohner SV 1 - LSV Turm Lippstadt 1"]
[Site "NRW-Klasse. Gruppe 2 2017/201"]
[Date "2017.09.17"]
[Round "1.7"]
[White "Finke, Tobias"]
[Black "Hater, Wolfgang"]
[Result "0-1"]
[WhiteElo "1949"]
[BlackElo "1993"]
[PlyCount "76"]
[EventDate "2017.??.??"]
[WhiteTeam "LSV Turm Lippstadt 1"]
[BlackTeam "Südlohner SV 1"]

1. e4 e5 2. Nf3 Nc6 3. d4 exd4 4. Bc4 d6 5. Nxd4 Nf6 6. Nc3 Be7 7. O-O O-O 8.
Nxc6 bxc6 9. Bf4 Nd7 10. Qd2 a5 11. Rfe1 Bf6 12. Rad1 a4 13. b3 a3 14. Nb1 Bb7
15. Bg3 g6 16. f4 Bg7 17. Be2 Nb6 18. Bf3 Qb8 19. Bf2 Qa7 20. c4 c5 21. Nc3 Bc6
22. Nd5 Bxd5 23. cxd5 Rfe8 24. e5 Qa6 25. e6 c4 26. exf7+ Kxf7 27. bxc4 Rxe1+
28. Rxe1 Qa4 29. c5 Nc4 30. Qe2 Kg8 31. Qe6+ Kh8 32. c6 Nb2 33. Re4 Qc2 34. Bd4
Qc1+ 35. Kf2 Qd2+ 36. Kg3 Bxd4 37. Qf7 Nd3 38. Kg4 Nf2+ 0-1

[Event "Südlohner SV 1 - LSV Turm Lippstadt 1"]
[Site "NRW-Klasse. Gruppe 2 2017/201"]
[Date "2017.09.17"]
[Round "1.8"]
[White "Schmeing, Walter"]
[Black "Neudorf, Noah Levin"]
[Result "1/2-1/2"]
[WhiteElo "2001"]
[BlackElo "1832"]
[Annotator "Daniel"]
[PlyCount "46"]
[EventDate "2017.??.??"]
[WhiteTeam "Südlohner SV 1"]
[BlackTeam "LSV Turm Lippstadt 1"]

1. e4 e6 2. Qe2 b6 3. g3 Bb7 4. Bg2 f5 5. d3 Nf6 6. f4 Bc5 7. e5 Bxg2 8. Qxg2
Nd5 9. Nf3 Nc6 10. a3 a5 11. c3 b5 12. d4 Ba7 13. Qe2 Qb8 $11 14. a4 bxa4 15.
O-O O-O 16. Rxa4 Qb7 17. h3 Rfb8 18. Ra3 Nce7 19. Kh2 c5 20. dxc5 Bxc5 21. Ra4
Be3 22. Nbd2 Bxd2 23. Nxd2 Nb6 1/2-1/2

[Event "Godesberger SK 1 - SC Siegburg 1"]
[Site "NRW-Klasse. Gruppe 2 2017/201"]
[Date "2017.09.17"]
[Round "1.1"]
[White "Zinchenko, Yaroslav"]
[Black "Seger, Ruediger"]
[Result "1-0"]
[WhiteElo "2527"]
[BlackElo "2299"]
[PlyCount "89"]
[EventDate "2017.??.??"]
[WhiteTeam "SC Siegburg 1"]
[BlackTeam "Godesberger SK 1"]

1. e4 c6 2. d4 d5 3. exd5 cxd5 4. Bd3 Nc6 5. c3 Qc7 6. h3 Nf6 7. Nf3 g6 8. O-O
Bf5 9. Na3 Bxd3 10. Qxd3 a6 11. Re1 Bg7 12. Ne5 e6 13. Bf4 Qd8 14. Bg5 h6 15.
Bh4 O-O 16. Nc2 Rc8 17. Ne3 g5 18. Bg3 Ne4 19. Nxc6 Rxc6 20. Bh2 f5 21. Nf1 f4
22. f3 Nf6 23. Re2 Nd7 24. Rae1 Qf6 25. Nd2 b5 26. Nb3 Qf7 27. Kh1 Kh8 28. Na5
Rb6 29. b4 Rc8 30. Bg1 Re8 31. Nb3 Rc6 32. Nc5 Nxc5 33. bxc5 Bf6 34. a4 bxa4
35. Qc2 Kg7 36. Qxa4 Qb7 37. c4 Qd7 38. Rb1 Rd8 39. cxd5 Qxd5 40. Rb7+ Rd7 41.
Reb2 Bd8 42. Rxd7+ Qxd7 43. Rb8 Bc7 44. Ra8 Rd6 45. cxd6 1-0

[Event "Godesberger SK 1 - SC Siegburg 1"]
[Site "NRW-Klasse. Gruppe 2 2017/201"]
[Date "2017.09.17"]
[Round "1.2"]
[White "Grabowski, Pawel"]
[Black "Andreev, Eduard"]
[Result "0-1"]
[WhiteElo "2293"]
[BlackElo "2383"]
[PlyCount "108"]
[EventDate "2017.??.??"]
[WhiteTeam "Godesberger SK 1"]
[BlackTeam "SC Siegburg 1"]

1. d4 Nf6 2. c4 e6 3. Nf3 Bb4+ 4. Nbd2 O-O 5. a3 Be7 6. b3 d5 7. e3 b6 8. Bd3
Bb7 9. Qc2 Nbd7 10. Bb2 c5 11. O-O cxd4 12. cxd5 dxe3 13. fxe3 Rc8 14. Qb1 Nc5
15. e4 Nxd3 16. Qxd3 exd5 17. Bxf6 dxe4 18. Qxd8 Bxd8 19. Bxd8 Rcxd8 20. Nxe4
Bxe4 21. Rae1 Rfe8 22. Re3 h6 23. Rc1 Bxf3 24. Rxf3 Re2 25. h3 Rd7 26. Rc8+ Kh7
27. Rf8 f6 28. Kh2 Red2 29. Rc8 R2d3 30. Rc7 Rxc7 31. Rxd3 g5 32. b4 Kg6 33.
Rd5 Rc4 34. Rb5 Re4 35. Rd5 h5 36. Kg1 Re1+ 37. Kf2 Ra1 38. Rd3 Ra2+ 39. Kf3 h4
40. Rc3 f5 41. Re3 Kh5 42. Rd3 g4+ 43. Kf4 Rf2+ 44. Ke5 Kg5 45. hxg4 fxg4 46.
g3 hxg3 47. Rxg3 Rf3 48. Rg1 Rxa3 49. Rc1 Rb3 50. Rc7 Rxb4 51. Rxa7 g3 52. Rg7+
Kh4 53. Kf5 Kh3 54. Rh7+ Rh4 0-1

[Event "Godesberger SK 1 - SC Siegburg 1"]
[Site "NRW-Klasse. Gruppe 2 2017/201"]
[Date "2017.09.17"]
[Round "1.3"]
[White "Kolkin, Michail"]
[Black "Brandt, Sebastian"]
[Result "1-0"]
[WhiteElo "2304"]
[BlackElo "2183"]
[PlyCount "51"]
[EventDate "2017.??.??"]
[WhiteTeam "SC Siegburg 1"]
[BlackTeam "Godesberger SK 1"]

1. Nf3 d5 2. g3 c5 3. Bg2 Nc6 4. d4 Nf6 5. O-O e6 6. c4 dxc4 7. Qa4 Bd7 8. Qxc4
b5 9. Qd3 Qb6 10. Nc3 c4 11. Qd1 Rd8 12. Be3 Qa5 13. Ne5 Nxe5 14. dxe5 Ng4 15.
Bg5 f6 16. exf6 gxf6 17. Bh4 Bg7 18. Qd4 Ne5 19. Ne4 Nc6 20. Nxf6+ Kf7 21. Qf4
e5 22. Qf3 Nd4 23. Qh5+ Kf8 24. e3 Nc2 25. Nxd7+ Rxd7 26. Qf5+ 1-0

[Event "Godesberger SK 1 - SC Siegburg 1"]
[Site "NRW-Klasse. Gruppe 2 2017/201"]
[Date "2017.09.17"]
[Round "1.4"]
[White "Koehler, Christian Friedrich"]
[Black "Varitski, Igor"]
[Result "1/2-1/2"]
[WhiteElo "2182"]
[BlackElo "2247"]
[Annotator "Daniel"]
[PlyCount "177"]
[EventDate "2017.??.??"]
[WhiteTeam "Godesberger SK 1"]
[BlackTeam "SC Siegburg 1"]

1. e4 c6 2. c4 d5 3. exd5 cxd5 4. cxd5 Nf6 5. Nc3 Nxd5 6. Nf3 Nc6 7. Bb5 Nxc3
8. bxc3 Qa5 9. Qa4 Qxa4 10. Bxa4 Bd7 11. d4 e6 12. O-O Ne5 13. Bxd7+ Nxd7 14.
Rb1 b6 15. Re1 Bd6 16. d5 e5 17. Nxe5 Nxe5 18. f4 O-O-O 19. fxe5 Bc5+ 20. Be3
Rxd5 21. Bxc5 Rxc5 22. Re3 Re8 23. Rf1 Re7 24. Rf4 Kd7 25. Rxf7 Rxf7 26. e6+
Ke7 27. exf7+ Kxf7 28. Kf2 Ra5 29. Re2 Ra3 30. Rc2 Ke6 31. Ke3 Kd5 32. Kd3 b5
33. Rb2 Kc5 34. Kc2 a5 35. Kb1 Rxc3 36. Rf2 Re3 37. Rf5+ Kb4 38. Rg5 g6 39. h4
Re1+ 40. Kc2 Re2+ 41. Kb1 Re1+ 42. Kb2 Re2+ 43. Kb1 Kc4 44. h5 Re6 45. hxg6
hxg6 46. Kc2 $11 Rb6 47. Rg4+ Kd5 48. Kd3 Ke5 49. Ke3 Kf5 50. Rf4+ Kg5 51. Re4
Rf6 52. Re5+ Rf5 53. Re6 b4 54. Rb6 Kh6 55. a3 bxa3 56. Rb3 a4 57. Rxa3 Ra5 58.
Kd2 Kg5 59. Kc2 Kg4 60. Kd2 Ra6 61. Kc2 Kf4 62. Rf3+ Ke4 63. Ra3 Kd4 64. Rd3+
Kc4 65. Rc3+ Kb4 66. Rc8 Rf6 67. Rb8+ Ka3 68. Kc3 Rc6+ 69. Kd3 Ka2 70. g4 a3
71. Rb5 Rc1 72. Rb6 g5 73. Rb5 Rc8 74. Rxg5 $11 Kb3 75. Rb5+ Ka4 76. Rb7 a2 77.
Ra7+ Kb3 78. Rb7+ Ka3 79. Ra7+ Kb2 80. Rb7+ Kc1 81. Ra7 Rc2 82. Ke3 Kb2 83. Kf4
a1=Q 84. Rxa1 Kxa1 85. g5 Kb2 86. g6 Kc3 87. Ke5 Rg2 88. Kf6 Kd4 89. g7 1/2-1/2

[Event "Godesberger SK 1 - SC Siegburg 1"]
[Site "NRW-Klasse. Gruppe 2 2017/201"]
[Date "2017.09.17"]
[Round "1.6"]
[White "Schulte-Geers, Niklas"]
[Black "Breest, Axel"]
[Result "0-1"]
[WhiteElo "2054"]
[BlackElo "1872"]
[PlyCount "70"]
[EventDate "2017.??.??"]
[WhiteTeam "Godesberger SK 1"]
[BlackTeam "SC Siegburg 1"]

1. d4 Nf6 2. c4 c5 3. d5 b5 4. cxb5 e6 5. Nc3 exd5 6. Nxd5 Bb7 7. Nxf6+ Qxf6 8.
e3 a6 9. Nf3 Be7 10. Be2 axb5 11. Bxb5 O-O 12. O-O Qe6 13. a4 Bf6 14. Qc2 Na6
15. Bd2 Bxf3 16. gxf3 d5 17. Rfd1 c4 18. Bxa6 Rxa6 19. Bc3 Bxc3 20. bxc3 Qh3
21. Rd4 Qxf3 22. Qd1 Rg6+ 23. Kf1 Qh3+ 24. Ke2 Qh5+ 25. Kd2 Qf5 26. Ke2 Rb8 27.
Rd2 Qh5+ 28. Kf1 Qxh2 29. Ke2 Qh5+ 30. Kf1 Qh3+ 31. Ke2 Qg4+ 32. Kf1 Qg2+ 33.
Ke2 Rf6 34. Qg1 Qf3+ 35. Ke1 Rh6 0-1

[Event "Godesberger SK 1 - SC Siegburg 1"]
[Site "NRW-Klasse. Gruppe 2 2017/201"]
[Date "2017.09.17"]
[Round "1.7"]
[White "Flagmeier, Reiner"]
[Black "Kutzner, Stephen"]
[Result "1/2-1/2"]
[WhiteElo "1795"]
[BlackElo "2064"]
[PlyCount "51"]
[EventDate "2017.??.??"]
[WhiteTeam "SC Siegburg 1"]
[BlackTeam "Godesberger SK 1"]

1. c4 Nf6 2. g3 e6 3. Bg2 d5 4. Nf3 Be7 5. O-O O-O 6. b3 c5 7. Bb2 Nc6 8. e3
Qb6 9. d3 Rd8 10. Qe2 Ne8 11. Nc3 Bf6 12. Rac1 dxc4 13. dxc4 Qc7 14. Rfd1 a6
15. Rxd8 Nxd8 16. Rd1 Bd7 17. Ne4 Bxb2 18. Qxb2 Bc6 19. Ne5 Bxe4 20. Bxe4 f6
21. Nd3 Nf7 22. Nf4 Ng5 23. Bg2 Qe7 24. Qd2 Rc8 25. Qd7 Rc7 26. Qxe7 1/2-1/2

[Event "Godesberger SK 1 - SC Siegburg 1"]
[Site "NRW-Klasse. Gruppe 2 2017/201"]
[Date "2017.09.17"]
[Round "1.8"]
[White "Ivanov, Alexander"]
[Black "Steffens, Klaus"]
[Result "1/2-1/2"]
[WhiteElo "1979"]
[BlackElo "1864"]
[Annotator "Daniel"]
[PlyCount "70"]
[EventDate "2017.??.??"]
[WhiteTeam "Godesberger SK 1"]
[BlackTeam "SC Siegburg 1"]

1. e4 e5 2. f4 exf4 3. Nf3 Ne7 4. d4 Ng6 5. Nc3 c6 6. Bc4 Bb4 7. h4 d5 8. exd5
cxd5 9. Bb5+ Nc6 10. h5 Nge7 11. Bxf4 Qa5 12. Bxc6+ Nxc6 13. Qd3 Bg4 14. Qe3+
Be6 15. h6 g6 16. Ne5 O-O-O 17. Nxc6 bxc6 18. O-O Rhe8 19. Qg3 Rd7 $11 20. a3
Bf8 21. Qe3 Qd8 22. Qd3 Qb6 23. b4 Bd6 24. Bxd6 Rxd6 25. Na4 Qb5 26. Qxb5 cxb5
27. Nc5 Re7 28. Rf6 Rb6 29. Re1 Kd8 30. Re5 Re8 31. c3 Ke7 32. Rf1 Rg8 33. Kf2
g5 34. Kg3 Rg6 35. Rh1 Kd6 1/2-1/2

[Event "SG Bochum 2 - SF Essen-Katernberg  2"]
[Site "NRW-Klasse. Gruppe 2 2017/201"]
[Date "2017.09.17"]
[Round "1.1"]
[White "Bee, Marcus"]
[Black "Tkachuk, Konstantyn"]
[Result "1/2-1/2"]
[WhiteElo "2110"]
[BlackElo "2265"]
[PlyCount "35"]
[EventDate "2017.??.??"]
[WhiteTeam "SF Essen-Katernberg  2"]
[BlackTeam "SG Bochum 2"]

1. g3 g6 2. Bg2 Bg7 3. d4 d6 4. e4 c6 5. a4 Qc7 6. Nc3 Nf6 7. Nge2 e5 8. h3 O-O
9. Be3 Na6 10. O-O Re8 11. f4 exd4 12. Bxd4 Nc5 13. e5 Nfd7 14. exd6 Qxd6 15.
Bxg7 Qxd1 16. Rfxd1 Kxg7 17. b4 Ne6 18. b5 1/2-1/2

[Event "SG Bochum 2 - SF Essen-Katernberg  2"]
[Site "NRW-Klasse. Gruppe 2 2017/201"]
[Date "2017.09.17"]
[Round "1.2"]
[White "Baltic, Fatih"]
[Black "Gassmann, Volker"]
[Result "1-0"]
[WhiteElo "2145"]
[BlackElo "2095"]
[PlyCount "109"]
[EventDate "2017.??.??"]
[WhiteTeam "SG Bochum 2"]
[BlackTeam "SF Essen-Katernberg  2"]

1. e4 c6 2. Nc3 d5 3. Qe2 d4 4. Nd1 e5 5. d3 Bd6 6. g3 c5 7. Bg2 Nc6 8. Nh3 Qc7
9. O-O h5 10. f4 Bg4 11. Qf2 O-O-O 12. fxe5 Nxe5 13. Nf4 Ne7 14. Bd2 Kb8 15. h3
Bc8 16. Qe2 g6 17. Nf2 h4 18. g4 Qb6 19. a3 N5c6 20. Nd5 Nxd5 21. exd5 Ne5 22.
Ne4 Bc7 23. d6 Bxd6 24. Nxd6 Qxd6 25. Bf4 Rde8 26. Rae1 f6 27. Bh2 Ka8 28. g5
Qd8 29. gxf6 Nf7 30. Qf3 Rxe1 31. Rxe1 Re8 32. Rxe8 Qxe8 33. Qe4 Qxe4 34. Bxe4
Be6 35. Bxg6 Ng5 36. Be8 Bd5 37. Kf1 b6 38. Bf4 Nf7 39. Kf2 Kb7 40. Bd7 a6 41.
c3 dxc3 42. bxc3 b5 43. Ke3 Kb6 44. Bb8 Kb7 45. Bh2 Kb6 46. d4 c4 47. Bb8 Kb7
48. Be5 Kb6 49. Kf4 Ka5 50. Bc8 Ka4 51. Bxa6 Kxa3 52. Bxb5 Kb3 53. Be8 Kxc3 54.
Bxf7 Bxf7 55. d5+ 1-0

[Event "SG Bochum 2 - SF Essen-Katernberg  2"]
[Site "NRW-Klasse. Gruppe 2 2017/201"]
[Date "2017.09.17"]
[Round "1.3"]
[White "Dette, Jan"]
[Black "Koellner, Ruben Gideon"]
[Result "1/2-1/2"]
[WhiteElo "2032"]
[BlackElo "2141"]
[PlyCount "87"]
[EventDate "2017.??.??"]
[WhiteTeam "SF Essen-Katernberg  2"]
[BlackTeam "SG Bochum 2"]

1. f4 d5 2. Nf3 Bg4 3. e3 Nc6 4. Bb5 Qd6 5. d4 e6 6. c3 a6 7. Bd3 f5 8. b3 Qd8
9. Nbd2 Nf6 10. Qc2 Ne4 11. O-O Be7 12. Ne5 Nxe5 13. fxe5 O-O 14. c4 c6 15. Nf3
Rc8 16. a4 Bh5 17. Ba3 Bxa3 18. Rxa3 g5 19. Raa1 g4 20. Bxe4 fxe4 21. Nd2 g3
22. Rxf8+ Qxf8 23. Nf1 gxh2+ 24. Nxh2 Qh6 25. Qf2 Rf8 26. Qg3+ Kh8 27. Rf1
Rxf1+ 28. Kxf1 Bd1 29. c5 a5 30. Ng4 Qg7 31. Qh4 Qxg4 32. Qd8+ Kg7 33. Qf6+ Kg8
34. Qd8+ Kf7 35. Qf6+ Ke8 36. Qh8+ Kd7 37. Qxh7+ Kc8 38. Qh8+ Kc7 39. Qh7+ Kb8
40. Qh8+ Ka7 41. Qd8 Qe2+ 42. Kg1 Qa6 43. Qe7 Bg4 44. Qc7 1/2-1/2

[Event "SG Bochum 2 - SF Essen-Katernberg  2"]
[Site "NRW-Klasse. Gruppe 2 2017/201"]
[Date "2017.09.17"]
[Round "1.4"]
[White "Stricker, Florian"]
[Black "Schimnatkowski, Lukas"]
[Result "1/2-1/2"]
[WhiteElo "2032"]
[BlackElo "2031"]
[PlyCount "66"]
[EventDate "2017.??.??"]
[WhiteTeam "SG Bochum 2"]
[BlackTeam "SF Essen-Katernberg  2"]

1. e4 c5 2. Nc3 Nc6 3. Bb5 g6 4. Nf3 Bg7 5. O-O a6 6. Bxc6 bxc6 7. d3 e5 8. Bg5
Ne7 9. Qd2 h6 10. Bh4 d6 11. Ne2 Bg4 12. Bxe7 Qxe7 13. Ne1 O-O 14. c3 d5 15. f3
Bc8 16. Nc2 Rd8 17. Qe3 d4 18. cxd4 cxd4 19. Qd2 a5 20. Na3 Ba6 21. Rfc1 Bb5
22. Nc4 Qb4 23. Qxb4 axb4 24. a3 bxa3 25. Rxa3 Rxa3 26. bxa3 Ra8 27. f4 Bxc4
28. Rxc4 Rxa3 29. fxe5 Bxe5 30. Nxd4 Rxd3 31. Nf3 Bb8 32. Rxc6 Ba7+ 33. Kf1 Rd7
1/2-1/2

[Event "SG Bochum 2 - SF Essen-Katernberg  2"]
[Site "NRW-Klasse. Gruppe 2 2017/201"]
[Date "2017.09.17"]
[Round "1.5"]
[White "Krueger, Erich"]
[Black "Tkachuk, Sergij"]
[Result "0-1"]
[WhiteElo "2057"]
[BlackElo "2110"]
[PlyCount "70"]
[EventDate "2017.??.??"]
[WhiteTeam "SF Essen-Katernberg  2"]
[BlackTeam "SG Bochum 2"]

1. d4 Nf6 2. c4 g6 3. Nc3 Bg7 4. e4 d6 5. Be2 O-O 6. Bg5 h6 7. Be3 e5 8. d5
Nbd7 9. g4 Nc5 10. f3 a5 11. h4 h5 12. g5 Nh7 13. Nh3 Bxh3 14. Rxh3 f6 15. gxf6
Bxf6 16. Bf2 Rf7 17. Qc2 Nf8 18. O-O-O Bg7 19. Be3 Kh7 20. Qd2 Bf6 21. Qe1 Bg7
22. Qd2 Rf4 23. Bxf4 exf4 24. Kb1 Be5 25. Rh2 a4 26. Bf1 Qf6 27. Rc1 Ra6 28.
Qg2 Rb6 29. Nd1 Bxb2 30. Nxb2 a3 31. Rc2 Na4 32. Qg5 Nc3+ 33. Ka1 Qd4 34. Rhd2
axb2+ 35. Rxb2 Rxb2 0-1

[Event "SG Bochum 2 - SF Essen-Katernberg  2"]
[Site "NRW-Klasse. Gruppe 2 2017/201"]
[Date "2017.09.17"]
[Round "1.6"]
[White "Mazarov, Juergen"]
[Black "Neuer, Thomas"]
[Result "1/2-1/2"]
[WhiteElo "2074"]
[BlackElo "2111"]
[PlyCount "49"]
[EventDate "2017.??.??"]
[WhiteTeam "SG Bochum 2"]
[BlackTeam "SF Essen-Katernberg  2"]

1. e4 e6 2. d4 d5 3. Nd2 c5 4. exd5 exd5 5. Ngf3 Nc6 6. Be2 Nf6 7. O-O Qc7 8.
Re1 Be7 9. dxc5 Bxc5 10. Nb3 Be7 11. c3 O-O 12. Bg5 Be6 13. Nbd4 Rae8 14. Qb3
Ne4 15. Bxe7 Rxe7 16. Rad1 Qf4 17. Qa3 Rfe8 18. c4 g5 19. Nxe6 fxe6 20. Qe3
Qxe3 21. fxe3 dxc4 22. Bxc4 h6 23. a3 Kg7 24. b4 Rc8 25. Bb3 1/2-1/2

[Event "SG Bochum 2 - SF Essen-Katernberg  2"]
[Site "NRW-Klasse. Gruppe 2 2017/201"]
[Date "2017.09.17"]
[Round "1.7"]
[White "Rosen, Willy"]
[Black "Wuebker, Paul-Luca"]
[Result "1-0"]
[WhiteElo "2084"]
[BlackElo "2022"]
[PlyCount "79"]
[EventDate "2017.??.??"]
[WhiteTeam "SF Essen-Katernberg  2"]
[BlackTeam "SG Bochum 2"]

1. e4 c5 2. Nc3 d6 3. f4 g6 4. Nf3 Bg7 5. Bb5+ Bd7 6. Bc4 Nc6 7. d3 Nf6 8. O-O
O-O 9. Qe1 Bg4 10. Qh4 Bxf3 11. Rxf3 Nd4 12. Rh3 e6 13. f5 Nh5 14. Qf2 exf5 15.
exf5 Nxf5 16. Rxh5 Bd4 17. Rxf5 Qe8 18. Qxd4 cxd4 19. Ne4 Kg7 20. Rf1 Rd8 21.
Bg5 d5 22. Bf6+ Kh6 23. Rf3 g5 24. Bxg5+ Kg6 25. Rf6+ Kg7 26. Bh6+ Kg8 27. Rf5
f6 28. Bxd5+ Kh8 29. Bxf8 Qxf8 30. Raf1 Qh6 31. Nxf6 Qe3+ 32. Kh1 Qe2 33. Nh5
Qe7 34. Be4 Kg8 35. R1f3 Rc8 36. Nf6+ Kh8 37. Rh3 Rxc2 38. Kg1 Rc1+ 39. Kf2
Rc2+ 40. Kf3 1-0